000 00306nam a2200133Ia 4500
008 191201s2003 xx 000 0 und d
100 _aWINTER, P C
245 0 _aInstant Notes Genetics
250 _a2nd
260 _aN.Delhi
_bViva Books
_c2003
300 _a374
650 _aB.Tech(ME)
942 _2ddc
_cBK
999 _c2453
_d2453